000 00811nmm a2200289 a 4500
003 AR-BaBNM
005 20251128210245.0
008 299019s1995 ||||||||||||||000 | spa||
020 _a84-331-0668-6
040 _cAR-BaBNM
100 1 _aPrada Vicente, María Dolores
245 1 0 _aEl nuevo bachillerato
_borganización y currículo
260 _aMadrid
_bEscuela Española
_c1995
300 0 _a261 p.
_btablas
504 _aContiene bibliografía p. 253-256
650 4 _aCURRICULO
650 4 _aFORMACION DE DOCENTES
651 4 _aEspaña
653 0 _aEDUCACION SECUNDARIA
653 0 _aORGANIZACION CURRICULAR
653 0 _aGESTION INSTITUCIONAL
653 0 _aCONTENIDOS CURRICULARES
700 1 _aMonguilot Abetti, Isabel
700 1 _aLedesma, Angel
942 _cBK
998 _cRaquel
999 _c14675
_d14675